000 00421nam a2200169Ia 4500
003 LK-CoDNM
008 010623t1985 xxu||||| |||| 00| 1 sin d
040 _aLK-CoDNM
_dLK-CoDNM
_eLK-CoDNM
041 _asin
080 _a8S-1 AHU
100 _aAhubudu, Arisen
245 _aසෙත් වතුර
246 _aSeth Vathura
260 _bDayawansa Jayakody
_aColombo
_c1985
300 _b78p., 18 cm
942 _cBK
999 _c113092
_d113092